England County Quiz - West Sussex - Statistics

General Stats
  • This quiz has been taken 273 times
  • The average score is 8 of 15
Answer Stats
Hint Answer % Correct
Major London airport with North and South terminals Gatwick
97%
Large town situated just to the south of the above airport Crawley
85%
National Park which West Sussex shares with the counties to the east and west South Downs
80%
Body of water to the south of the county English Channel
78%
County town Chichester
68%
Seaside town with a 984ft (300m) long art-deco pier Worthing
66%
Town and seaside resort with a royal suffix bestowed by King George V Bognor Regis
63%
West Sussex born, this man was the European Space Agency's first British astronaut Tim Peake
52%
Gothic Rock band from West Sussex, who had a hit with 'Friday I'm in Love' The Cure
43%
Designated scheduled monument with a Neolithic flint mine and large Iron Age hillfort Cissbury {Ring}
41%
Arundel castle is the family seat of this member of the peerage Duke of {Norfolk}
36%
Television pioneer who retired to West Sussex and lived there until his death in 1946 John Logie Baird
34%
The above pier is one of two locations where this annual 'flying' event is held International {Birdman}
21%
Location of the Weald and Downland Living Museum, a 40 acre site with over 50 reconstructed historic buildings dating back to 950AD Singleton
21%
Peninsula in the far south west of the county which is separated from the mainland by a narrow channel called the Great Deep {Thorney} Island
14%
No matching quizzes found
Score Distribution
Percent of People with Each Score
Percentile by Number Answered
Your Score History
You have not taken this quiz